Central Library OPAC University of Rajshahi

American civilization : (Record no. 64787)

MARC details
000 -LEADER
fixed length control field 00870nam a2200265 a 4500
001 - CONTROL NUMBER
control field 64787
003 - CONTROL NUMBER IDENTIFIER
rucl marc code BD-RjUL
005 - DATE AND TIME OF LATEST TRANSACTION
control field 20211209081342.0
008 - FIXED-LENGTH DATA ELEMENTS--GENERAL INFORMATION
fixed length control field 170222r19971995enkab b 001 0 eng
020 ## - INTERNATIONAL STANDARD BOOK NUMBER
International Standard Book Number 0415165237
035 ## - SYSTEM CONTROL NUMBER
System control number (BD-RjUL)64917
040 ## - CATALOGING SOURCE
Original cataloging agency DLC
Transcribing agency DLC
Modifying agency BD-RjUL
Language of cataloging eng
041 ## - LANGUAGE CODE
Language code of text/sound track or separate title eng
082 00 - DEWEY DECIMAL CLASSIFICATION NUMBER
Classification number 973
Edition number 23
Author mark and year MAA 1997
100 1# - MAIN ENTRY--PERSONAL NAME
Personal name Mauk, David,
Dates associated with a name 1945-
9 (RLIN) 192107
245 10 - TITLE STATEMENT
Title American civilization :
Remainder of title an introduction /
Statement of responsibility, etc. David Mauk and John Oakland.
250 ## - EDITION STATEMENT
Edition statement 2nd ed.
260 ## - PUBLICATION, DISTRIBUTION, ETC. (IMPRINT)
Place of publication, distribution, etc. London ;
-- New York :
Name of publisher, distributor, etc. Routledge,
Date of publication, distribution, etc. 1997.
300 ## - PHYSICAL DESCRIPTION
Pagination xiv, 443 p. :
Illustrations ill. ;
Size 22 cm.
504 ## - BIBLIOGRAPHY, ETC. NOTE
Bibliography, etc Includes bibliographical references (p. [429]-436 and index.
651 #0 - SUBJECT ADDED ENTRY--GEOGRAPHIC NAME
Geographic name United States
General subdivision Civilization.
9 (RLIN) 171088
Geographic name United States
General subdivision Civilization
-- Study and teaching
Geographic subdivision Foreign countries.
9 (RLIN) 192108
700 1# - ADDED ENTRY--PERSONAL NAME
Personal name Oakland, John.
942 ## - ADDED ENTRY ELEMENTS (KOHA)
Source of classification or shelving scheme Dewey Decimal Classification
Koha item type Books
Holdings
Lost status Source of classification or shelving scheme Damaged status Not for loan Collection code Permanent Location Current Location Shelving location Date acquired Source of acquisition Total Checkouts Full call number Date last seen Copy number Koha item type
  Dewey Decimal Classification   Not For Loan Non-fiction Central Library, University of Rajshahi Central Library, University of Rajshahi Reading Room 28/12/1999 Dhaka paragon enterprises ltd.   973 MAA 1997 31/07/2017 C-1 Books